000 00269nam a22001217a 4500
008 170928b xxu||||| |||| 00| 0 eng d
041 _aeng
080 _a37
100 _a47
101 _aedu
245 _aCOME BACK HERE CROCODILE
_cBRIDGE.C.A
942 _2udc
_cBK
999 _c30355
_d30355